Gaming Quiz

Random Gaming or Pokémon Quiz

Grass, Fire, Water, or Electric (Pokemon) #3 Quiz Stats

 Plays Quiz not verified by Sporcle

Score 0/45 Timer 10:00
0 Plays Today
% Correct
Arcanine
87.7%
Totodile
87.7%
Ninetales
86.2%
Vulpix
86.2%
Bayleef
86.2%
Meganium
86.2%
Marill
86.2%
Milotic
86.2%
Poliwag
86.2%
Wailmer
86.2%
Electrode
86.2%
Flaaffy
86.2%
Raikou
86.2%
Politoed
86.2%
Entei
84.6%
Rapidash
84.6%
Torkoal
84.6%
Turtwig
84.6%
Corphish
84.6%
Kyogre
84.6%
Seadra
84.6%
Elekid
84.6%
Staryu
84.6%
% Correct
Electivire
83.1%
Chimchar
81.5%
Quilava
81.5%
Serperior
81.5%
Oshawott
81.5%
Samurott
81.5%
Luxio
81.5%
Minun
81.5%
Grovyle
80%
Cherrim
80%
Luvdisc
80%
Suicune
80%
Eelektrik
80%
Manectric
80%
Gorebyss
78.5%
Tynamo
78.5%
Shaymin
76.9%
Buizel
76.9%
Alomomola
75.4%
Whimsicott
73.8%
Finneon
73.8%
Lilligant
58.5%

You're not logged in!

Compare scores with friends on all Sporcle quizzes.
OR
Log In

Show Comments

Extras

Top Quizzes Today


Score Distribution

Your Account Isn't Verified!

In order to create a playlist on Sporcle, you need to verify the email address you used during registration. Go to your Sporcle Settings to finish the process.

Report this User

Report this user for behavior that violates our Community Guidelines.

Details: